Great western heroes : seven true stories of men who tamed the West /

Bibliographic Details
Other Authors: Brent, Rafer
Format: Book
Language:English
Published: New York : Bartholomew House, [1957]
Subjects:

MARC

Tag First Indicator Second Indicator Subfields
LEADER 00000cam a2200000 a 4500
001 in00000098584
005 20150924085832.0
008 751126s1957 nyu 00000cengm
010 |a  57011978  
035 |a (OCoLC)01857406 
035 |9 AAK9688AM 
040 |a DLC  |c CSU  |d TXA  |d UtOrBLW 
043 |a np-----  |a n-ust-- 
049 |a TXAS  |c [1702103] 
050 0 |a F591  |b  B83 
082 0 |a 978 
245 0 0 |a Great western heroes :  |b seven true stories of men who tamed the West /  |c edited by Rafer Brent. 
264 1 |a New York :  |b Bartholomew House,  |c [1957] 
264 4 |c ©1957 
300 |a 191 pages ;  |c 20 cm. 
336 |a text  |b txt  |2 rdacontent 
337 |a unmediated  |b n  |2 rdamedia 
338 |a volume  |b nc  |2 rdacarrier 
505 0 |a Rifle for hire / by John Gregor -- The three lives of Bat Masterson / by Clair Huffaker -- Pat Garrett / by Clair Huffaker -- The saga of Wyatt Earp / by Jack Pearl -- The saga of Sam Bass / by Clair Huffaker -- Sheriff Slaughter of Tombstone / by Edwin Johnson -- The saga of Buffalo Bill / by Jack Pearl. 
650 0 |a Peace officers  |z West (U.S.) 
650 0 |a Crime  |z West (U.S.) 
651 0 |a West (U.S.)  |v Biography. 
650 0 |a Criminals  |z West (U.S.) 
700 1 |a Brent, Rafer. 
999 |a MARS 
999 f f |s c523f629-7535-3a25-a650-954597c2a8b1  |i 650302e3-67ec-3d23-9f01-9fa463a61e7c  |t 0 
952 f f |p noncirc  |a Texas A&M University  |b College Station  |c Cushing Memorial Library & Archives  |d Cushing: Dykes (Does not check out)  |t 0  |e F591 B83  |h Library of Congress classification  |i unmediated -- volume  |m a14851713900 
998 f f |a F591 B83  |t 0  |l Cushing: Dykes (Does not check out)